| 000 | 01054nam a2200253Ia 4500 | ||
|---|---|---|---|
| 003 | OSt | ||
| 005 | 20220930094901.0 | ||
| 006 | a|||||r|||| 00| 0 | ||
| 007 | ta | ||
| 008 | 220926b |||||||| |||| 00| 0 hin d | ||
| 024 | _a32471 | ||
| 037 | _cTheses | ||
| 040 |
_aCRL _cCRL _bhin |
||
| 041 |
_2hin _ahin |
||
| 100 |
_aपाठक, निखिलेश कुमार, ले. _9159482 |
||
| 110 |
_aदिल्ली विश्वविद्यालय. कला संकाय. हिन्दी _9556571 |
||
| 245 | 0 | _aव्यंग्य की अवधारणा और श्रीलाल शुक्ल की कथा-भाषा | |
| 246 | _aVyangya kī avadhāraṇā aur shrīlāl shukla kī kathā-bhāṣhā | ||
| 260 | _c2013 | ||
| 300 |
_a324पृ. _ap. _ccm. |
||
| 700 |
_aदिल्ली विश्वविद्यालय. कला संकाय. हिन्दी _9556572 |
||
| 942 |
_cDIS _2CC |
||
| 999 |
_c887856 _d887856 |
||